000 00353pab a2200145 454500
008 180718b2017 xxu||||| |||| 00| 0 eng d
100 _aTeltumbde, Anand
245 _aEnd of the dalit chimera
260 _c2017
300 _ap.10-11.
362 _a6 May
650 _aBackward classes
773 _aEconomic and Political Weekly
909 _a114621
999 _c114615
_d114615